000 02639cam a2200289 4500500
005 20251228050227.0
041 _afre
042 _adc
100 1 0 _aMichalewski, Alexandra
_eauthor
245 0 0 _aLe Premier de Numénius et l'Un de Plotin
260 _c2012.
500 _a42
520 _aRésuméLa théologie de Numénius, qui définit le premier dieu comme un principe totalement simple, solitaire et transcendant, a joué un grand rôle dans la construction de l’hénologie plotinienne. Or, si cette dernière est en partie héritière des réflexions médioplatoniciennes, elle marque également un véritable tournant dans l’histoire du platonisme. Tandis que le premier principe de Numénius exprime l’unité parfaite de l’être et de l’intellect, l’Un de Plotin est « au-delà de l’être » de manière absolue. Cette différence a des conséquences décisives, tant sur la manière de concevoir le rapport du premier au second principe, que sur l’interprétation de la relation de l’Intellect divin à son objet. Cet article se propose d’analyser, à travers une étude de la conception du premier principe chez Plotin et Numénius, l’apport métaphysique que représente l’existence d’un principe au-delà de l’être.
520 _aThe theology of Numenius, which defines the first god as a principle which is totally simple, solitary and transcendent, has played a great part in the construction of the plotinian henology. If the latter, indeed, is in part the inheritor of the Middle Platonist reflections, it marks equally a real turning point in the history of Platonism. While the first principle of Numenius expresses the perfect unity of being and intellect, the One of Plotinus is « beyond Being » in an absolute manner. This difference has decisive consequences, as much on the manner of conceiving the link between the first and the second principle, as on the interpretation of the relation between the divine Intellect and its object. This article, through a study of the conception of the first principle of Plotinus and Numenius, proposes to analyse the metaphysical contribution which is represented by a principle beyond being.
690 _aêtre
690 _aintellect
690 _aprincipe
690 _aProskhresis
690 _aUn
690 _abeing
690 _aintellect
690 _aOne
690 _aprinciple
690 _aProschresis
786 0 _nArchives de philosophie | 75 | 1 | 2012-01-01 | p. 29-48 | 0003-9632
856 4 1 _uhttps://shs.cairn.info/revue-archives-de-philosophie-2012-1-page-29?lang=fr&redirect-ssocas=7080
999 _c1580186
_d1580186